Cat Species- Sudden Death - Statistics

General Stats
  • This quiz has been taken 190 times
  • The average score is 9 of 13
Answers on the Grid
Answers color-coded by a green-red scale on the quiz's grid according to % correct below.
Lion
Tiger
Jaguar
Fossa
Leopard
Kodkod
Cheetah
Cougar
Meerkat
Spotted Hyena
Aardwolf
Mainland Clouded Leopard
Margay
Binturong
Common Genet
Jaguarundi
Bobcat
Malagasy Civet
Ocelot
Fishing Cat
 
Answer Stats
Answer % Correct
Tiger
99%
Lion
98%
Jaguar
96%
Leopard
96%
Cheetah
92%
Cougar
85%
Bobcat
78%
Ocelot
70%
Mainland Clouded Leopard
65%
Fishing Cat
46%
Jaguarundi
40%
Margay
25%
Kodkod
20%
No matching quizzes found
Score Distribution
Percent of People with Each Score
Percentile by Number Answered
Your Score History
You have not taken this quiz